| 000 | 00344 a2200145 4500 | ||
|---|---|---|---|
| 001 | 63838 | ||
| 020 | _a9788126140220 | ||
| 082 | _a808.84 RUS | ||
| 090 |
_c37759 _d37759 |
||
| 100 | _aRussell, Bertrand | ||
| 245 | _aSceptical Essays | ||
| 260 |
_aNew Delhi _bAnmol Publication _c2009 |
||
| 300 | _a244p | ||
| 600 | _aAnshu Mallika Sawhney | ||
| 942 |
_aNUST-CAE _k808.84 RUS |
||
| 999 |
_c298911 _d298911 |
||